000 00546nam a22001817a 4500
005 20231113071613.0
008 231113b |||||||| |||| 00| 0 eng d
020 _a040950024
041 _aEnglish
082 _a346 SON
100 _aSonnekus, JC
_lEnglish
245 _aThe law of Estoppel in South Africa /
_cJC Sonnekus
250 _aSecond Edition
260 _aDurban :
_bButterworth Publishers (Pty) Ltd,
_c2000
300 _bix, 215 pages;
_c25 cm.
650 _aLegal practice
_bLaw
942 _cBK
_6ALISON_BN_VRIES
999 _c543
_d543